000 00337nam a2200133Ia 4500
005 20260328101529.0
008 260328s9999||||xx |||||||||||||| ||und||
100 _aPeregrina, Ivan
245 0 _aArquitectura & Restauración /
_cIvan Peregrina
260 _bDmt .Arquitectura
300 _a41 p.
650 _aRESTAURACIÓN
942 _cBK
999 _c9899
_d9899